000 01579cam a2200349 i 4500
001 25170
003 Mx-PuUPA
005 20250929132506.0
008 140415s2022 mx ab gr 001 0 spa d
020 _a9786076057315
040 _cMx-PuUPA
_aMx-PuUPA
_bspa
_dMx-PuUPA
_erda
041 0 _aspa
043 _an-mx---
245 1 0 _aArte de los pueblos de México : disrupciones indígenas /
_cMiguel Fernández Félix, coordinador general ; Instituto Nacional de Bellas Artes, Museo del Palacio de Bellas Artes, productores
250 _aPrimera edición
264 1 _aCiudad de México :
_bInstituto Nacional de Bellas Artes y Literatura,
_c2022
300 _a573 páginas :
_bilustraciones, mapas, fotografías (principalmente a color) ;
_c30 cm
336 _2rdacontent
_atexto
_btxt
337 _2rdamedia
_asin medio
_bn
338 _2rdacarrier
_avolumen
_bnc
650 7 _2armarc
_aArte popular
_zMéxico
_vExposiciones
_y2000-2099
650 7 _2armarc
_aArtes decorativas mexicanas
_vExposiciones
650 7 _2armarc
_aArtes decorativas
_zMéxico
_vCatálogos de exposiciones
650 7 _2armarc
_aArtesanías
_xIndígenas
_zMéxico
_vCatálogos de exposiciones
700 1 _aFernández Félix, Miguel,
_913684
_ecoordinador general
710 2 _aInstituto Nacional de Bellas Artes y Literatura
_eproductor
710 1 _aMuseo del Palacio de Bellas Artes
_eproductor
942 _2ddc
_cLI
_h700.9720905
_iA78
999 _c25170
_d25170